KOHA-Header-6

E-Learning and the Science of Instruction (Record no. 1692)

000 -LEADER
fixed length control field 00334nam a2200133Ia 4500
008 - FIXED-LENGTH DATA ELEMENTS--GENERAL INFORMATION
fixed length control field 190723s9999 xx 000 0 und d
020 ## - INTERNATIONAL STANDARD BOOK NUMBER
International Standard Book Number 978-0-470.87430-1
100 ## - MAIN ENTRY--PERSONAL NAME
Personal name Ruth Colvin
245 #0 - TITLE STATEMENT
Title E-Learning and the Science of Instruction
250 ## - EDITION STATEMENT
Edition statement 3rd
260 ## - PUBLICATION, DISTRIBUTION, ETC. (IMPRINT)
Place of publication, distribution, etc San Francisco
Name of publisher, distributor, etc Pfeiffer
Date of publication, distribution, etc 2011
300 ## - PHYSICAL DESCRIPTION
Extent 502.:p
942 ## - ADDED ENTRY ELEMENTS (KOHA)
Koha item type Books
Holdings
Withdrawn status Lost status Damaged status Not for loan Collection code Permanent Location Current Location Shelving location Date acquired Total Checkouts Total Renewals Full call number Barcode Date last seen Date checked out Price effective from Koha item type
        Computer Science MAJU MAJU   2019-07-23 1 6 371.334 8315 2024-12-14 2024-10-26 2019-07-23 Computer Science

Powered by Koha